| 000 | 00522nam a2200205Ia 4500 | ||
|---|---|---|---|
| 003 | OSt | ||
| 005 | 20230506165141.0 | ||
| 008 | 210423s1999 xx 000 0 und d | ||
| 040 | _cAL | ||
| 041 | _aeng | ||
| 082 |
_a306.2 _223 _bMITC |
||
| 100 |
_aMITRA (Subrata K) _999518 |
||
| 245 | _aCulture and rationality | ||
| 260 |
_aNew Delhi _bSage Publications _c1999 |
||
| 365 |
_b550 _cINR |
||
| 650 |
_aPolitical Sociology _999519 |
||
| 650 |
_aSociology _999520 |
||
| 906 | _aCulture ; rationality | ||
| 942 |
_2ddc _cBK |
||
| 999 |
_c171425 _d171425 |
||